Окно в мир компьютеров

Dades bibliogràfiques
Autor principal: Кенин А. М. Александр Михайлович
Altres autors: Печенкина Н. С. Неонила Сергеевна
Sumari:Исключено из фонда НТБ ТПУ
Idioma:rus
Publicat: Екатеринбург, Антарес-94, 1994
Format: MixedMaterials Llibre
KOHA link:https://koha.lib.tpu.ru/cgi-bin/koha/opac-detail.pl?biblionumber=73988

MARC

LEADER 00000nam0a2200000 4500
001 73988
005 20231031084837.0
010 |a 5877990632 
035 |a (RuTPU)RU\TPU\book\78921 
090 |a 73988 
100 |a 20050225d1994 km y0rusy50 ca 
101 0 |a rus 
102 |a RU 
105 |a a z 001zy 
200 1 |a Окно в мир компьютеров  |f А. М. Кенин, Н. С. Печенкина 
210 |a Екатеринбург  |c Антарес-94  |d 1994 
215 |a 397 с.  |c ил. 
320 |a Указатели: с. 378-390. 
333 |a Исключено из фонда НТБ ТПУ 
700 1 |a Кенин  |b А. М.  |g Александр Михайлович 
701 1 |a Печенкина  |b Н. С.  |g Неонила Сергеевна 
801 1 |a RU  |b 63413507  |c 20050225  |g PSBO 
801 2 |a RU  |b 63413507  |c 20230629  |g PSBO 
942 |c BK